[Event "Belgrade-chTB Quality"]
[Site "Belgrade"]
[Date "2018.10.14"]
[Round "6.2"]
[White "Bakovic, Nebojsa"]
[Black "Pavlovic, Luka"]
[Result "0-1"]
[WhiteElo "2076"]
[BlackElo "2145"]
[PlyCount "100"]
[EventDate "2018.09.29"]
[EventType "team-tourn"]
[EventRounds "11"]
[EventCountry "SRB"]
[SourceTitle "CBM 187 Extra"]
[Source "ChessBase"]
[SourceDate "2018.11.04"]
[SourceVersion "1"]
[SourceVersionDate "2018.11.04"]
[SourceQuality "1"]
[WhiteTeam "Belgrade Rakovica"]
[BlackTeam "Nis Jugopetrol"]
[WhiteTeamCountry "SRB"]
[BlackTeamCountry "SRB"]

1. c4 e5 2. Nc3 Nc6 3. Nf3 Bb4 4. g3 Bxc3 5. dxc3 d6 6. Bg2 Be6 7. b3 h6 8. 0-0 Qd7 9. Re1 f5 10. e4 fxe4 11. Nd2 Nf6 12. Nxe4 0-0 13. a4 Qf7 14. Ra2 Rad8 15. Nxf6+ Qxf6 16. Bd5 Bxd5 17. Qxd5+ Qf7 18. Qxf7+ Rxf7 19. b4 a5 20. b5 Nb8 21. Be3 b6 22. Rd2 Nd7 23. Kg2 Rdf8 24. Rc2 Kh7 25. h4 Kg6 26. Rf1 Kf5 27. f3 Ke6 28. Rcc1 e4 29. f4 h5 30. Rcd1 Nf6 31. Bd4 Ng4 32. Bg1 Nf6 33. Bd4 Kf5 34. Bxf6 gxf6 35. Rd5+ Kg6 36. f5+ Kg7 37. Kf2 e3+ 38. Ke2 Re7 39. Rd4 Kf7 40. Rf3 Rfe8 41. Rff4 Re5 42. Rd5 Rg8 43. Rf3 Re4 44. Rd4 Reg4 45. Rxe3 Rxg3 46. Rde4 Rxe3+ 47. Kxe3 Rg3+ 48. Kd4 Rf3 49. c5 dxc5+ 50. Kd5 Rxf5+ 0-1

[Event "Belgrade-chTB Quality"]
[Site "Belgrade"]
[Date "2018.10.07"]
[Round "4.2"]
[White "Ravic, Nenad"]
[Black "Pavlovic, Luka"]
[Result "1/2-1/2"]
[WhiteElo "2309"]
[BlackElo "2145"]
[PlyCount "67"]
[EventDate "2018.09.29"]
[EventType "team-tourn"]
[EventRounds "11"]
[EventCountry "SRB"]
[SourceTitle "CBM 187 Extra"]
[Source "ChessBase"]
[SourceDate "2018.11.04"]
[SourceVersion "1"]
[SourceVersionDate "2018.11.04"]
[SourceQuality "1"]
[WhiteTeam "Belgrade Lasta"]
[BlackTeam "Nis Jugopetrol"]
[WhiteTeamCountry "SRB"]
[BlackTeamCountry "SRB"]

1. e4 c5 2. Nf3 d6 3. d4 cxd4 4. Nxd4 Nf6 5. Nc3 a6 6. Bc4 e6 7. Bb3 b5 8. f3 Nbd7 9. Be3 Nc5 10. 0-0 Bb7 11. a4 Nxb3 12. Nxb3 b4 13. Na2 d5 14. e5 Nd7 15. f4 Nb6 16. Na5 Qc7 17. Nxb7 Qxb7 18. b3 Nd7 19. a5 Qc7 20. Nc1 Rc8 21. Nd3 Be7 22. Rf2 Nc5 23. Nxc5 Bxc5 24. Qd3 0-0 25. Ra4 Qb7 26. Bxc5 Rxc5 27. Qd4 Rb5 28. f5 exf5 29. Rxf5 Rc8 30. Rf2 Qe7 31. Re2 Qc5 32. Qxc5 Rbxc5 33. e6 fxe6 34. Rxe6 1/2-1/2

[Event "Belgrade-chT Quality"]
[Site "Belgrade"]
[Date "2016.10.01"]
[Round "1.3"]
[White "Pavlovic, Luka"]
[Black "Kovacic, Misa"]
[Result "0-1"]
[WhiteElo "2140"]
[BlackElo "2148"]
[PlyCount "90"]
[EventDate "2016.10.01"]
[EventType "team-tourn"]
[EventRounds "11"]
[EventCountry "SRB"]
[SourceTitle "EXT 2018"]
[Source "ChessBase"]
[SourceDate "2017.10.13"]
[SourceVersion "1"]
[SourceVersionDate "2017.10.13"]
[SourceQuality "1"]

1. Nf3 Nf6 2. c4 e6 3. d4 d5 4. Nc3 c5 5. cxd5 exd5 6. dxc5 Bxc5 7. e3 0-0 8. Be2 Nc6 9. 0-0 a6 10. a3 d4 11. exd4 Nxd4 12. Nxd4 Bxd4 13. Bf3 Qb6 14. Na4 Qa7 15. Qb3 Bd7 16. Bf4 b5 17. Nc3 Be6 18. Qc2 Rac8 19. Rad1 Nd5 20. Bxd5 Bxd5 21. Be3 Bxe3 22. Rxd5 Bd4 23. Rd1 Bxc3 24. bxc3 Rc4 25. R1d3 Qe7 26. Qc1 Re4 27. Kf1 h6 28. R5d4 Re8 29. Rxe4 Qxe4 30. Qe3 Qc6 31. Qf4 Qg6 32. Qd2 Qe4 33. Re3 Qc4+ 34. Qe2 Rc8 35. Rd3 Qb3 36. Qd2 Qxa3 37. Rd8+ Rxd8 38. Qxd8+ Kh7 39. Qc7 Qc1+ 40. Ke2 Qc2+ 41. Ke3 b4 42. Qxf7 b3 43. f4 b2 44. f5 Qxc3+ 45. Ke2 Qc6 0-1

[Event "Belgrade Trophy 29th"]
[Site "Belgrade"]
[Date "2015.12.01"]
[Round "8"]
[White "Pavlovic, Luka"]
[Black "Dobrijevic, Milan"]
[Result "1-0"]
[WhiteElo "2101"]
[BlackElo "2220"]
[PlyCount "55"]
[EventDate "2015.11.24"]
[EventType "swiss"]
[EventRounds "9"]
[EventCountry "SRB"]
[SourceTitle "CBM 170 Extra"]
[Source "ChessBase"]
[SourceDate "2016.02.25"]
[SourceVersion "1"]
[SourceVersionDate "2016.02.25"]
[SourceQuality "1"]

1. e4 g6 2. d4 Bg7 3. f4 d6 4. Nf3 Nd7 5. Bc4 e6 6. 0-0 Ne7 7. Nc3 0-0 8. Qe1 a6 9. f5 Nb6 10. Bb3 exf5 11. Bg5 h6 12. Qh4 Re8 13. Bxh6 d5 14. e5 Be6 15. Bxg7 Kxg7 16. Ng5 Ng8 17. Qh7+ Kf8 18. h4 Ke7 19. g4 Kd7 20. Nxe6 Rxe6 21. Nxd5 Nxd5 22. Bxd5 Re7 23. c4 c6 24. gxf5 gxf5 25. Rxf5 Nh6 26. Be6+ Kc7 27. Qxh6 fxe6 28. Rf4 1-0

[Event "Belgrade Trophy 29th"]
[Site "Belgrade"]
[Date "2015.11.26"]
[Round "3"]
[White "Skare, Goran"]
[Black "Pavlovic, Luka"]
[Result "1-0"]
[WhiteElo "2250"]
[BlackElo "2101"]
[PlyCount "83"]
[EventDate "2015.11.24"]
[EventType "swiss"]
[EventRounds "9"]
[EventCountry "SRB"]
[SourceTitle "CBM 169 Extra"]
[Source "ChessBase"]
[SourceDate "2015.12.18"]
[SourceVersion "1"]
[SourceVersionDate "2015.12.18"]
[SourceQuality "1"]

1. d4 Nf6 2. c4 e5 3. dxe5 Ng4 4. e4 Nxe5 5. f4 Nec6 6. Be3 Na6 7. Nc3 Bc5 8. Qd2 d6 9. Nf3 0-0 10. Bd3 f5 11. 0-0-0 Bxe3 12. Qxe3 Nc5 13. e5 Nxd3+ 14. Rxd3 Be6 15. b3 d5 16. Nxd5 Bxd5 17. Rxd5 Qe7 18. Qc5 Qxc5 19. Rxc5 Rad8 20. Rd1 Rxd1+ 21. Kxd1 Rd8+ 22. Ke2 Rd7 23. a3 Kf7 24. b4 h6 25. Ke3 Ke6 26. h3 g6 27. g3 Kf7 28. Rd5 Rxd5 29. cxd5 Ne7 30. Kd4 Nc8 31. Ne1 b6 32. b5 Ke7 33. Nd3 Kd7 34. Nb4 Ne7 35. Nc6 Nxc6+ 36. bxc6+ Ke7 37. Kc4 a6 38. a4 g5 39. h4 gxf4 40. gxf4 h5 41. Kd4 Kd8 42. d6 1-0

[Event "Belgrade Trophy 29th"]
[Site "Belgrade"]
[Date "2015.11.25"]
[Round "2"]
[White "Pavlovic, Luka"]
[Black "Azaric, Slavko"]
[Result "1-0"]
[WhiteElo "2101"]
[BlackElo "2336"]
[PlyCount "37"]
[EventDate "2015.11.24"]
[EventType "swiss"]
[EventRounds "9"]
[EventCountry "SRB"]
[SourceTitle "CBM 169 Extra"]
[Source "ChessBase"]
[SourceDate "2015.12.18"]
[SourceVersion "1"]
[SourceVersionDate "2015.12.18"]
[SourceQuality "1"]

1. d4 Nf6 2. Nf3 d6 3. Nc3 Bf5 4. Nh4 Bd7 5. e4 c5 6. dxc5 dxc5 7. e5 Ng8 8. Nf3 Nc6 9. Bc4 Bf5 10. Be3 Qxd1+ 11. Rxd1 b6 12. Nd5 0-0-0 13. Ba6+ Kb8 14. e6 fxe6 15. Bf4+ Rd6 16. Nxe7 Bxe7 17. Bxd6+ Bxd6 18. Rxd6 Kc7 19. Rxc6+ 1-0

[Event "Belgrade-chT Quality"]
[Site "Belgrade"]
[Date "2015.11.04"]
[Round "10"]
[White "Pavlovic, Luka"]
[Black "Brankovic, Vladislav"]
[Result "1/2-1/2"]
[WhiteElo "2101"]
[BlackElo "2215"]
[PlyCount "26"]
[EventDate "2015.10.03"]
[EventType "team-tourn"]
[EventRounds "11"]
[EventCountry "SRB"]
[SourceTitle "EXT 2018"]
[Source "ChessBase"]
[SourceDate "2017.10.13"]
[SourceVersion "1"]
[SourceVersionDate "2017.10.13"]
[SourceQuality "1"]

1. e4 d6 2. f4 Nf6 3. d3 e5 4. Nf3 Bg4 5. Be2 Bxf3 6. Bxf3 Nbd7 7. 0-0 Be7 8. Nc3 c6 9. Qe1 Qc7 10. Kh1 h6 11. fxe5 dxe5 12. Qg3 g5 13. Bg4 0-0-0 1/2-1/2

[Event "Belgrade-chT Quality"]
[Site "Belgrade"]
[Date "2015.10.03"]
[Round "1"]
[White "Pavlovic, Luka"]
[Black "Nikolic, Dragoslav"]
[Result "0-1"]
[WhiteElo "2101"]
[BlackElo "2237"]
[PlyCount "118"]
[EventDate "2015.10.03"]
[EventType "team-tourn"]
[EventRounds "11"]
[EventCountry "SRB"]
[SourceTitle "EXT 2018"]
[Source "ChessBase"]
[SourceDate "2017.10.13"]
[SourceVersion "1"]
[SourceVersionDate "2017.10.13"]
[SourceQuality "1"]

1. e4 e6 2. d4 d5 3. Nc3 dxe4 4. Nxe4 Nf6 5. Bd3 Nc6 6. Nf3 Nb4 7. 0-0 Nxd3 8. Qxd3 Be7 9. Re1 0-0 10. Nfg5 Nxe4 11. Nxe4 b6 12. Bf4 Bb7 13. Rad1 Rc8 14. c4 Bxe4 15. Qxe4 Bd6 16. Bd2 a5 17. Re3 Re8 18. Bc3 Qg5 19. h4 Qh5 20. Rde1 f5 21. Qf3 Qxf3 22. Rxf3 Re7 23. a3 a4 24. Rfe3 Kf7 25. g3 g6 26. f4 c5 27. d5 exd5 28. Rxe7+ Bxe7 29. cxd5 Rd8 30. Re6 c4 31. Kg2 b5 32. Rb6 Rxd5 33. Rb7 Ke6 34. Rb6+ Kd7 35. Rb7+ Kd8 36. Ba5+ Ke8 37. Rb8+ Kf7 38. Rb7 Kf8 39. Rb8+ Kf7 40. Rb7 Ke6 41. Rb6+ Bd6 42. Bb4 Kd7 43. Bxd6 Rxd6 44. Rxb5 Kc6 45. Rb4 Kc5 46. h5 gxh5 47. Kh3 Rd3 48. Rxa4 Rb3 49. Ra5+ Kd4 50. Rxf5 Rxb2 51. Rxh5 Rb7 52. Rh6 c3 53. Kg4 Rc7 54. Rh1 c2 55. Rc1 Kd3 56. f5 Kd2 57. Rh1 c1Q 58. Rxc1 Rxc1 59. Kg5 Ke3 0-1

[Event "SRB-chT"]
[Site "Kragujevac"]
[Date "2015.08.25"]
[Round "6.5"]
[White "Lajthajm, Borko"]
[Black "Pavlovic, Luka"]
[Result "1-0"]
[WhiteElo "2430"]
[BlackElo "2141"]
[PlyCount "91"]
[EventDate "2015.08.20"]
[EventType "team-tourn"]
[EventRounds "11"]
[EventCountry "YUG"]
[SourceTitle "EXT 2016"]
[Source "ChessBase"]
[SourceDate "2015.10.08"]
[SourceVersion "1"]
[SourceVersionDate "2015.10.08"]
[SourceQuality "1"]
[WhiteTeam "Kac Jugovic"]
[BlackTeam "Belgrade Delfin"]
[WhiteTeamCountry "SRB"]
[BlackTeamCountry "SRB"]

1. d4 d5 2. c4 c6 3. Nc3 Nf6 4. Nf3 a6 5. a4 Bf5 6. Qb3 Ra7 7. a5 e6 8. Bg5 Be7 9. e3 h6 10. Bf4 Nbd7 11. h3 0-0 12. Be2 Ne4 13. 0-0 Bd6 14. Bxd6 Nxd6 15. Qb4 Ne4 16. Nxe4 Bxe4 17. Nd2 Bf5 18. Ra3 Qg5 19. Kh2 Rb8 20. g4 Bh7 21. Qd6 b5 22. cxb5 cxb5 23. Rc3 Qd8 24. Rfc1 Nf8 25. Qxd8 Rxd8 26. Rc7 Raa8 27. Nb3 e5 28. dxe5 Ne6 29. R7c6 Kf8 30. Nd4 Ke7 31. f4 Nxd4 32. exd4 Be4 33. f5 g6 34. f6+ Ke8 35. Kg3 g5 36. h4 Ra7 37. hxg5 hxg5 38. Bf3 Bd3 39. b3 b4 40. Rh1 Kd7 41. Rd6+ Kc8 42. Rc1+ Rc7 43. Rxd8+ Kxd8 44. Rxc7 Kxc7 45. Bxd5 Bg6 46. Kf3 1-0

[Event "Belgrade Trophy 28th"]
[Site "Belgrade"]
[Date "2014.11.29"]
[Round "6"]
[White "Pavlovic, Luka"]
[Black "Stankovic, Ivan G"]
[Result "1/2-1/2"]
[WhiteElo "2085"]
[BlackElo "2247"]
[PlyCount "100"]
[EventDate "2014.11.24"]
[EventType "swiss"]
[EventRounds "9"]
[EventCountry "SRB"]
[SourceTitle "CBM 163 Extra"]
[Source "ChessBase"]
[SourceDate "2014.12.23"]
[SourceVersion "1"]
[SourceVersionDate "2014.12.23"]
[SourceQuality "1"]

1. e4 g6 2. f4 Bg7 3. Nf3 c6 4. c3 d5 5. e5 h5 6. d4 Nh6 7. Bd3 Bg4 8. h3 Bxf3 9. Qxf3 e6 10. Nd2 h4 11. Nf1 Nf5 12. Be3 Nd7 13. Bxf5 gxf5 14. g4 hxg3 15. Qxg3 Qh4 16. Rg1 Bf8 17. Nd2 Qxh3 18. Qxh3 Rxh3 19. Kf2 Rh2+ 20. Kf3 c5 21. Rh1 Rxh1 22. Rxh1 cxd4 23. Bxd4 Rc8 24. Rh8 b6 25. Ke3 Nc5 26. Bxc5 bxc5 27. Nf3 Kd7 28. Rh7 Be7 29. Rxf7 Rh8 30. Rg7 a5 31. a4 Rb8 32. Rg2 Kc6 33. Kd3 Rh8 34. Rg6 Kd7 35. Ke3 Rh1 36. Rg2 Rh3 37. Kf2 Ke8 38. Rg8+ Kd7 39. Rg2 d4 40. cxd4 cxd4 41. Rg1 Bc5 42. Rd1 Ke8 43. Ng5 Rh6 44. Ke2 Kd7 45. Nf3 Ke7 46. Nxd4 Rh2+ 47. Kf3 Bxd4 48. Rxd4 Rxb2 49. Ke3 Ra2 50. Rc4 Kd7 1/2-1/2

[Event "Belgrade Trophy 28th"]
[Site "Belgrade"]
[Date "2014.11.28"]
[Round "5"]
[White "Popovic, Aleksandar M"]
[Black "Pavlovic, Luka"]
[Result "1/2-1/2"]
[WhiteElo "2268"]
[BlackElo "2085"]
[PlyCount "102"]
[EventDate "2014.11.24"]
[EventType "swiss"]
[EventRounds "9"]
[EventCountry "SRB"]
[SourceTitle "CBM 163 Extra"]
[Source "ChessBase"]
[SourceDate "2014.12.23"]
[SourceVersion "1"]
[SourceVersionDate "2014.12.23"]
[SourceQuality "1"]

1. Nf3 Nf6 2. g3 c5 3. Bg2 Nc6 4. 0-0 e5 5. d3 d5 6. Bg5 Be7 7. Na3 0-0 8. e4 Be6 9. c3 h6 10. exd5 Bxd5 11. Bd2 a6 12. Re1 Qc7 13. Nc4 e4 14. Bf4 Qd8 15. Nfe5 g5 16. Bd2 Nxe5 17. Nxe5 exd3 18. Bxd5 Qxd5 19. c4 Qd6 20. Qf3 Nd7 21. Nxd3 Bf6 22. Rad1 Rfe8 23. b3 Rxe1+ 24. Bxe1 Re8 25. Kf1 Ne5 26. Nxe5 Qxe5 27. Bd2 Qe4 28. Qxe4 Rxe4 29. Be3 b6 30. Rd6 Re6 31. Rxe6 fxe6 32. b4 cxb4 33. Bxb6 Kf7 34. Ke2 Ke8 35. Kd3 Kd7 36. c5 Kc6 37. Kc4 g4 38. Ba5 h5 39. Bxb4 Be7 40. Kd4 a5 41. Ba3 a4 42. Kc4 Bf8 43. Kd4 Be7 44. f3 gxf3 45. Ke3 Bxc5+ 46. Bxc5 Kxc5 47. h4 Kd5 48. Kxf3 Ke5 49. g4 hxg4+ 50. Kxg4 Kf6 51. h5 Kg7 1/2-1/2

[Event "Belgrade Trophy 28th"]
[Site "Belgrade"]
[Date "2014.11.27"]
[Round "4"]
[White "Pavlovic, Luka"]
[Black "Jovanovic, Sasa T"]
[Result "1/2-1/2"]
[WhiteElo "2085"]
[BlackElo "2240"]
[PlyCount "63"]
[EventDate "2014.11.24"]
[EventType "swiss"]
[EventRounds "9"]
[EventCountry "SRB"]
[SourceTitle "CBM 163 Extra"]
[Source "ChessBase"]
[SourceDate "2014.12.23"]
[SourceVersion "1"]
[SourceVersionDate "2014.12.23"]
[SourceQuality "1"]

1. e4 c5 2. Nf3 d6 3. d4 cxd4 4. Nxd4 Nf6 5. Nc3 Nc6 6. Bg5 e6 7. Qd2 a6 8. 0-0-0 Bd7 9. Be2 b5 10. Qe3 Nxd4 11. Qxd4 h6 12. Bh4 Rc8 13. f4 Qc7 14. a3 Qc5 15. e5 Qxd4 16. Rxd4 dxe5 17. fxe5 Bc5 18. Rd3 Nd5 19. Nxd5 exd5 20. Rxd5 Be6 21. Rdd1 0-0 22. Kb1 b4 23. axb4 Bxb4 24. Be1 a5 25. Bxb4 axb4 26. Rd4 b3 27. cxb3 Bxb3 28. Bd1 Be6 29. Bg4 Rc5 30. Bxe6 fxe6 31. Rc1 Rxe5 32. Rd2 1/2-1/2

[Event "Belgrade Trophy 28th"]
[Site "Belgrade"]
[Date "2014.11.26"]
[Round "3"]
[White "Cvetkovic, Srdjan"]
[Black "Pavlovic, Luka"]
[Result "1/2-1/2"]
[WhiteElo "2287"]
[BlackElo "2085"]
[PlyCount "73"]
[EventDate "2014.11.24"]
[EventType "swiss"]
[EventRounds "9"]
[EventCountry "SRB"]
[SourceTitle "CBM 163 Extra"]
[Source "ChessBase"]
[SourceDate "2014.12.23"]
[SourceVersion "1"]
[SourceVersionDate "2014.12.23"]
[SourceQuality "1"]

1. c4 Nf6 2. Nc3 c5 3. Nf3 Nc6 4. d4 cxd4 5. Nxd4 d6 6. e4 g6 7. Be2 Bg7 8. Be3 0-0 9. 0-0 Bd7 10. Nb3 Qc7 11. Nd5 Qd8 12. f3 b6 13. Qd2 Re8 14. Rac1 Rc8 15. Rfd1 Be6 16. Nd4 Nxd4 17. Bxd4 Nxd5 18. Bxg7 Kxg7 19. cxd5 Bd7 20. Rxc8 Bxc8 21. Rc1 e5 22. dxe6 Bxe6 23. Bc4 Qe7 24. Bxe6 Qxe6 25. a3 Rc8 26. Rxc8 Qxc8 27. g3 Qc5+ 28. Kg2 a5 29. b4 axb4 30. axb4 Qe5 31. Kf2 Kf6 32. f4 Qxe4 33. Qxd6+ Qe6 34. Qd8+ Kf5 35. Qd3+ Kf6 36. Qd8+ Kf5 37. Qd3+ 1/2-1/2

[Event "Belgrade-chT"]
[Site "Belgrade"]
[Date "2014.11.05"]
[Round "13"]
[White "Knezevic, Milorad G"]
[Black "Pavlovic, Luka"]
[Result "1-0"]
[WhiteElo "2219"]
[BlackElo "2029"]
[PlyCount "81"]
[EventDate "2014.10.04"]
[EventType "team-tourn"]
[EventRounds "13"]
[EventCountry "SRB"]
[SourceTitle "EXT 2015"]
[Source "ChessBase"]
[SourceDate "2014.11.20"]
[SourceVersion "1"]
[SourceVersionDate "2014.11.20"]
[SourceQuality "1"]

1. e4 c5 2. Nc3 Nc6 3. g3 g6 4. Bg2 Bg7 5. d3 e6 6. f4 Nge7 7. Be3 d6 8. Nf3 0-0 9. 0-0 Rb8 10. Qd2 f5 11. e5 dxe5 12. Bxc5 b6 13. Ba3 b5 14. Bc5 exf4 15. gxf4 b4 16. Ne2 Bxb2 17. Rab1 Bg7 18. Qe3 Nd5 19. Qf2 Re8 20. Rbe1 Qa5 21. Bd6 Rb7 22. Ne5 Nxe5 23. fxe5 Qxa2 24. Qc5 Bh6 25. Qc6 Kf7 26. Ra1 Rb6 27. Qxc8 Rxc8 28. Rxa2 Be3+ 29. Kh1 a6 30. Rfa1 b3 31. cxb3 Rxb3 32. Bxd5 exd5 33. d4 f4 34. e6+ Kxe6 35. Bxf4 Rf8 36. Rxa6+ Kd7 37. Rc6 Ke7 38. Ra7+ Ke8 39. Re6+ Kd8 40. Ra8+ Kd7 41. Rxf8 1-0

[Event "Belgrade-chT"]
[Site "Belgrade"]
[Date "2014.10.18"]
[Round "5"]
[White "Pavlovic, Luka"]
[Black "Cobic, Vladimir"]
[Result "0-1"]
[WhiteElo "2029"]
[BlackElo "2279"]
[PlyCount "76"]
[EventDate "2014.10.04"]
[EventType "team-tourn"]
[EventRounds "13"]
[EventCountry "SRB"]
[SourceTitle "EXT 2015"]
[Source "ChessBase"]
[SourceDate "2014.11.20"]
[SourceVersion "1"]
[SourceVersionDate "2014.11.20"]
[SourceQuality "1"]

1. e4 d5 2. exd5 Nf6 3. d4 Nxd5 4. c4 Nb6 5. Nc3 e5 6. Qe2 Qe7 7. Qxe5 Qxe5+ 8. dxe5 Nc6 9. Bf4 Be6 10. 0-0-0 Nxc4 11. Bxc4 Bxc4 12. e6 fxe6 13. Bxc7 Rc8 14. Bg3 Nb4 15. a3 Na2+ 16. Nxa2 Bxa2+ 17. Kd2 Be7 18. Rc1 Rd8+ 19. Ke3 0-0 20. Be5 Rd5 21. Bg3 Rh5 22. b4 a5 23. Rc7 Bg5+ 24. Ke2 axb4 25. Bd6 bxa3 26. Bxf8 Kxf8 27. Nf3 Bf6 28. Ke3 Bb1 29. Nd4 a2 30. Rc8+ Kf7 31. Ra8 Rd5 32. Nf3 b5 33. Nd2 Rxd2 34. Kxd2 b4 35. Rc8 b3 36. Rc7+ Kg6 37. Rc3 Bg5+ 38. Ke2 b2 0-1

[Event "Belgrade-chT"]
[Site "Belgrade"]
[Date "2014.10.11"]
[Round "3"]
[White "Stamatovic, Aleksandar"]
[Black "Pavlovic, Luka"]
[Result "1-0"]
[WhiteElo "2189"]
[BlackElo "2029"]
[PlyCount "85"]
[EventDate "2014.10.04"]
[EventType "team-tourn"]
[EventRounds "13"]
[EventCountry "SRB"]
[SourceTitle "EXT 2015"]
[Source "ChessBase"]
[SourceDate "2014.11.20"]
[SourceVersion "1"]
[SourceVersionDate "2014.11.20"]
[SourceQuality "1"]

1. e4 c5 2. Nf3 d6 3. Bb5+ Nd7 4. 0-0 a6 5. Bc4 e6 6. c3 b5 7. Bb3 c4 8. Bc2 Bb7 9. Re1 Ngf6 10. b3 Nc5 11. bxc4 bxc4 12. Na3 Nd3 13. Ba4+ Nd7 14. Re3 d5 15. exd5 Bxd5 16. Rxd3 cxd3 17. Ne5 Qg5 18. Bxd7+ Ke7 19. Nf3 Qg4 20. Ba4 Bxf3 21. Qxf3 Qxa4 22. Qb7+ Kf6 23. Qf3+ Kg5 24. h4+ Kxh4 25. g3+ Kg5 26. Qxa8 Bxa3 27. Qxh8 Qd1+ 28. Kg2 Bxc1 29. Qxg7+ Kf5 30. Qxh7+ Kf6 31. Qxd3 Qxd2 32. Qxd2 Bxd2 33. c4 Bb4 34. Rd1 Ke7 35. f4 f5 36. Kf3 a5 37. g4 fxg4+ 38. Kxg4 Kf6 39. Kf3 e5 40. Rd5 exf4 41. Kxf4 Ke6 42. Ke4 Ke7 43. c5 1-0

[Event "Belgrade-chT"]
[Site "Belgrade"]
[Date "2014.10.04"]
[Round "1"]
[White "Ilic, Slobodan R"]
[Black "Pavlovic, Luka"]
[Result "0-1"]
[WhiteElo "2046"]
[BlackElo "2029"]
[PlyCount "62"]
[EventDate "2014.10.04"]
[EventType "team-tourn"]
[EventRounds "13"]
[EventCountry "SRB"]
[SourceTitle "EXT 2015"]
[Source "ChessBase"]
[SourceDate "2014.11.20"]
[SourceVersion "1"]
[SourceVersionDate "2014.11.20"]
[SourceQuality "1"]

1. c4 Nf6 2. Nc3 c5 3. Nf3 Nc6 4. g3 d5 5. cxd5 Nxd5 6. Bg2 Nxc3 7. bxc3 e5 8. 0-0 Be7 9. d3 0-0 10. Qc2 f5 11. Nd2 Be6 12. Rb1 Qd7 13. Rd1 Rac8 14. Nf3 h6 15. Qb2 b6 16. Bd2 Bf6 17. Be1 Qf7 18. a3 Qh5 19. Qb5 e4 20. dxe4 fxe4 21. Rd6 a6 22. Qa4 exf3 23. Bxf3 Qg6 24. Rxb6 Nd8 25. Rxe6 Nxe6 26. Qc4 Kh8 27. Qxe6 Rce8 28. Qc4 Qc2 29. Qb3 Qc1 30. Kf1 Rd8 31. e3 Bg5 0-1

[Event "SRB-ch U18"]
[Site "Subotica"]
[Date "2014.04.21"]
[Round "7"]
[White "Todorovic, Nenad I"]
[Black "Pavlovic, Luka"]
[Result "1/2-1/2"]
[WhiteElo "2140"]
[BlackElo "1998"]
[PlyCount "115"]
[EventDate "2014.04.17"]
[EventType "swiss"]
[EventRounds "9"]
[EventCountry "SRB"]
[SourceTitle "CBM 160 Extra"]
[Source "ChessBase"]
[SourceDate "2014.07.01"]
[SourceVersion "1"]
[SourceVersionDate "2014.07.01"]
[SourceQuality "1"]

1. e4 e5 2. Nf3 Nf6 3. Nc3 Nc6 4. Bb5 Bb4 5. 0-0 0-0 6. d3 d6 7. Bg5 Bxc3 8. bxc3 h6 9. Bh4 a6 10. Ba4 b5 11. Bb3 Na5 12. Re1 Nxb3 13. cxb3 c5 14. d4 cxd4 15. cxd4 Bg4 16. dxe5 Bxf3 17. Qxf3 dxe5 18. Rac1 Qb6 19. Qc3 Qe6 20. Qc6 Qxc6 21. Rxc6 Rfc8 22. Rec1 Rxc6 23. Rxc6 Nxe4 24. f3 Ng5 25. Bxg5 hxg5 26. Kf2 f6 27. Ke3 a5 28. Rc5 a4 29. b4 Rb8 30. Ke4 Kf7 31. Kd5 Rd8+ 32. Kc6 Rd2 33. Kxb5 Rxa2 34. Ka6 Rxg2 35. b5 Rxh2 36. b6 a3 37. b7 Rb2 38. Ka7 Kg6 39. b8Q Rxb8 40. Kxb8 Kf5 41. Kc7 Kf4 42. Kd6 a2 43. Ra5 Kxf3 44. Ra3+ Kf4 45. Kd5 f5 46. Rxa2 e4 47. Rf2+ Kg4 48. Rg2+ Kh4 49. Kd4 g4 50. Ke5 Kg5 51. Kd4 Kh4 52. Ke5 Kh3 53. Re2 g3 54. Kxf5 g2 55. Rxg2 Kxg2 56. Kxe4 Kg3 57. Kf5 g5 58. Kxg5 1/2-1/2

[Event "SRB-ch U18"]
[Site "Subotica"]
[Date "2014.04.18"]
[Round "2"]
[White "Radovanovic, Nikola"]
[Black "Pavlovic, Luka"]
[Result "1-0"]
[WhiteElo "2299"]
[BlackElo "1998"]
[PlyCount "87"]
[EventDate "2014.04.17"]
[EventType "swiss"]
[EventRounds "9"]
[EventCountry "SRB"]
[SourceTitle "CBM 160 Extra"]
[Source "ChessBase"]
[SourceDate "2014.07.01"]
[SourceVersion "1"]
[SourceVersionDate "2014.07.01"]
[SourceQuality "1"]

1. d4 Nf6 2. c4 c5 3. d5 b5 4. cxb5 a6 5. f3 d6 6. e4 g6 7. Nc3 Bg7 8. a4 0-0 9. bxa6 Bxa6 10. Bxa6 Nxa6 11. Nge2 Qb6 12. Be3 Nd7 13. 0-0 Ne5 14. b3 Rfb8 15. Rb1 Qa5 16. Nb5 Nc7 17. Nxc7 Qxc7 18. Qc2 Rc8 19. h3 Qa5 20. f4 Nd7 21. Rfc1 h6 22. Kh1 c4 23. bxc4 Qxa4 24. Rb7 Qxc2 25. Rxc2 Nf6 26. c5 Nxe4 27. c6 Kf8 28. Ba7 Ke8 29. g4 f5 30. Kg2 fxg4 31. hxg4 Nf6 32. Nc3 Nxg4 33. Nb5 Nf6 34. Rd2 Nh5 35. Kf3 Nf6 36. Nc7+ Rxc7 37. Rxc7 Kf7 38. Rb7 Ne8 39. c7 Rc8 40. Bb6 g5 41. fxg5 hxg5 42. Rc2 Kf6 43. Rb8 Rxc7 44. Bxc7 1-0

[Event "SRB-ch U16"]
[Site "Vrnjacka Banja"]
[Date "2013.05.04"]
[Round "6"]
[White "Kuzmanovic, Aleksa"]
[Black "Pavlovic, Luka"]
[Result "0-1"]
[WhiteElo "1755"]
[BlackElo "1875"]
[PlyCount "62"]
[EventDate "2013.04.30"]
[EventType "swiss"]
[EventRounds "9"]
[EventCountry "SRB"]
[SourceTitle "CBM 154 Extra"]
[Source "ChessBase"]
[SourceDate "2013.06.25"]
[SourceVersion "2"]
[SourceVersionDate "2013.06.25"]
[SourceQuality "1"]

1. d4 Nf6 2. c4 c5 3. d5 e5 4. Nc3 d6 5. e4 Be7 6. Be2 Nbd7 7. Nf3 0-0 8. 0-0 Ne8 9. Ne1 g6 10. Nd3 f5 11. f4 exf4 12. Nxf4 Ne5 13. exf5 Bxf5 14. b3 Bf6 15. Bb2 Qe7 16. Kh1 Qg7 17. Rc1 Qh6 18. Ne6 Rf7 19. Bf3 Nd3 20. Qe2 Be5 21. h3 Bxh3 22. gxh3 Qxh3+ 23. Kg1 Nxc1 24. Bxc1 Bxc3 25. Be3 Ng7 26. Ng5 Qg3+ 27. Kh1 Rf5 28. Ne4 Qh3+ 29. Kg1 Raf8 30. Bg2 Rxf1+ 31. Bxf1 Rxf1+ 0-1

[Event "SRB-ch U16"]
[Site "Vrnjacka Banja"]
[Date "2013.05.03"]
[Round "5"]
[White "Pavlovic, Luka"]
[Black "Besedes, Danilo"]
[Result "0-1"]
[WhiteElo "1875"]
[BlackElo "1872"]
[PlyCount "88"]
[EventDate "2013.04.30"]
[EventType "swiss"]
[EventRounds "9"]
[EventCountry "SRB"]
[SourceTitle "CBM 154 Extra"]
[Source "ChessBase"]
[SourceDate "2013.06.25"]
[SourceVersion "2"]
[SourceVersionDate "2013.06.25"]
[SourceQuality "1"]

1. e4 c6 2. d4 d5 3. Nc3 dxe4 4. Nxe4 Bf5 5. Ng3 Bg6 6. Nf3 Nf6 7. h4 Nh5 8. Nxh5 Bxh5 9. Bc4 e6 10. Bf4 Bd6 11. Qd2 Bxf3 12. gxf3 Qc7 13. Be3 Nd7 14. Rg1 g6 15. 0-0-0 h5 16. Bg5 Nb6 17. Bf1 Be7 18. Kb1 0-0-0 19. Bf4 Bd6 20. Bg5 Rd7 21. Qa5 Kb8 22. c4 Be7 23. Be3 Rhd8 24. Be2 Nd5 25. Qa4 Nxe3 26. fxe3 Bxh4 27. Rd3 Bf2 28. Rf1 Bh4 29. Ra3 b6 30. f4 c5 31. d5 exd5 32. cxd5 Bg3 33. Bf3 f5 34. Rc1 Qd6 35. Qb5 Re7 36. Rb3 Rc8 37. Qa6 Bf2 38. Qe2 Bg3 39. Rb5 Bxf4 40. Rc3 Rce8 41. Rcxc5 Rxe3 42. Qc2 Rxf3 43. a4 Rf1+ 44. Ka2 Rc1 0-1